000 00497nam a22001937a 4500
003 MPLRDC
005 20220104191038.0
008 210129b ||||| |||| 00| 0 eng d
020 _a978-957-470-556-6
082 _a191.9 HT-5
100 _a黄桐
245 _a人生苦短,做自己最好
_c
250 _a初版20刷
260 _a台湾
_b人本自然文化事业有限公司
_c2011
300 _b
490 _a励志系: 014
650 _a人生哲学
942 _cBK
_o191.9 HT-5
999 _c64070
_d64060